[Event "SVK Amateur-ch 2020"]
[Site "Topolcany"]
[Date "2020.07.10"]
[Round "1.15"]
[White "Pejko, Otomar"]
[Black "Szabo, Ervin"]
[Result "1/2-1/2"]
[WhiteElo "2138"]
[BlackElo "1809"]
[Annotator "TA"]
[PlyCount "109"]
[EventDate "2020.07.10"]
[EventType "swiss"]
[EventCountry "SVK"]
[SourceTitle "playchess.com"]
[Source "ChessBase"]
[SourceQuality "1"]

{[%evp 14,109,52,52,66,55,70,65,85,29,44,40,38,15,86,78,144,43,52,57,24,35,40,42,60,7,72,16,122,82,90,53,22,0,79,-52,61,19,18,0,85,73,179,147,154,153,168,166,191,181,202,179,168,90,115,14,44,-40,-31,-39,-35,-331,-345,-330,-353,-394,-120,-99,0,-577,0,0,0,-29978,-29979,-29979,-29979,-29979,-29980,-29983,-29984,-29984,0,-252,-240,-208,0,-20,0,-225,0,-22,0,-29984,-29985,-29985,-29986,-29987]} 1. e4 e6 2. d4 d5 3. e5 c5 4. c3 Nc6 5. Nf3 Qb6 6. a3 cxd4 7. cxd4 Bd7 8. Nc3 a6 {C02: French: Advance Variation.} 9. b4 Qa7 10. Be3 {[#]} Rc8 $146 {White is slightly better.} ({Predecessor:} 10... Nge7 11. Bd3 Nc8 12. O-O Be7 13. Qc2 h6 14. Qd2 b5 15. a4 bxa4 16. b5 Nb4 17. Rxa4 a5 18. Rfa1 Nxd3 19. Qxd3 Nb6 20. R4a2 {½-½ (20) Vojtech,J-Vojta,P Nachod 1998}) 11. Qb3 (11. Rc1 $16) 11... Nh6 $11 12. Bd3 Ng4 13. O-O h5 (13... g6 $11) 14. Ne2 $16 Be7 (14... Nxe3 $142 15. fxe3 Be7) 15. Rad1 (15. Bd2 $16) 15... Nxe3 $14 16. fxe3 g5 17. Kh1 g4 18. Ne1 h4 19. Nc2 (19. Nf4 $14) 19... h3 (19... Qb6 $11) 20. g3 (20. gxh3 $16 Rxh3 21. Rf4) 20... Qb8 (20... Qb6 $1 $11) 21. Nf4 Nd8 22. Be2 Qc7 23. Rc1 Bb5 (23... Qc3 $11 {remains equal.} 24. Qb1 Bg5) 24. Rf2 (24. Bxb5+ $16 axb5 25. Qb1) 24... Qc6 (24... Qc3 $1 $15 25. Bxb5+ axb5) 25. Bxg4 Ba4 26. Qd3 Bb5 (26... Qc3 $11) 27. Qd2 a5 (27... Qc3 $16) 28. Be2 axb4 29. axb4 {[%cal Ba3b4,Bb4b5][%mdl 32]} Ba4 30. Bd3 Qb6 31. Rff1 Nc6 32. b5 Na5 {next ...Nb3 is good for Black.} 33. Na1 (33. Qe2 $18) 33... Nc4 34. Bxc4 (34. Qe2 $16) 34... Rxc4 35. Qa2 (35. Rb1 $14) 35... Bxb5 $40 {[%mdl 128] Black has some attack.} 36. Qa8+ Bd8 {Threatens to win with ...Ra4.} 37. Nb3 $2 {[%mdl 8192]} ({White should try} 37. Qa2 $1 $15) 37... Ra4 $19 38. Qc8 Bxf1 39. Nc5 {White wants to mate with Qd7+.} Bg2+ $2 (39... Bb5 $19 {is more deadly.} 40. Nxa4 Bxa4) 40. Kg1 $17 Rc4 (40... O-O $1 $17 41. Nxa4 Qb3 42. Nxg2 hxg2) 41. Qd7+ $11 Kf8 {[#]} 42. Ncxe6+ $1 {[%mdl 512]} fxe6 43. Rf1 $2 {[%mdl 8192]} (43. Ng6+ $11 Kg8 44. Qe8+ Kh7 45. Qxh8+ Kxg6 46. Qg8+ Kh5 47. Qf7+ Kg4 48. Qf4+ Kh5 49. Qf7+ Kh6 50. Qf8+ Kh7 51. Qf7+ Kh8 52. Qf8+ Kh7 53. Qf7+ Kh8 54. Qf8+ Kh7) 43... Bxf1 44. Nxe6+ {[#]} Qxe6 $1 45. Qxe6 Bg2 46. Qf5+ Kg7 47. Qd7+ Kf8 $2 (47... Kh6 {mates} 48. Qd6+ Kg5 49. Kf2 Rc2+ 50. Ke1 Bf3 51. e6 Ba5+ 52. Kf1 Bg2+ 53. Kg1 Rc1+ 54. Kf2 Rf8+ $1 {[%mdl 512]} 55. Qxf8 Rf1+ {[%mdl 64] Skewer} 56. Ke2 Rxf8 57. e7 Re8 58. e4 Bxe4 59. Ke3 Rxe7 60. Ke2 Bf5+ 61. Kf1 Bb6 62. g4 Kxg4 63. Kf2 Bxd4+ 64. Kf1 Bd3#) 48. Qf5+ $19 Ke8 $1 {( -> ...Rc1+)} (48... Kg7 $2 49. Qd7+ Kh6 50. Qd6+ Kg5 51. Kf2 $19) 49. Qg6+ {[#]} Kf8 $2 ({Black should play} 49... Kd7 $1 $19 50. Qg7+ Be7 51. Qxh8 Rc8 52. e6+ Kc7) 50. Qf5+ $11 Ke8 $2 (50... Kg7 $2 51. Qd7+ Kg6 52. Qd6+ Kg7 53. Qd7+ $19) (50... Ke7 $11 51. Qf6+ Kd7 52. Qxh8 Rc1+ 53. Kf2 Rc2+ 54. Kg1 Rc1+ 55. Kf2 Rc2+ 56. Kg1 Rc1+) 51. Qg6+ $19 {[#]} Kf8 $2 (51... Kd7 $1 $19 52. Qg7+ Be7 53. Qxh8 Rc8 54. e6+ Kc7) 52. Qf5+ $11 Kg7 53. Qd7+ $1 Kh6 54. Qd6+ Kg5 55. e6 {[%mdl 32768] Accuracy: White = 38%, Black = 54%. . An unexpected result.} 1/2-1/2

[Event "SVK Amateur-ch 2020"]
[Site "Topolcany"]
[Date "2020.07.10"]
[Round "1.15"]
[White "Jdaieh, Adel"]
[Black "Tropp, Frantisek"]
[Result "0-1"]
[WhiteElo "1541"]
[BlackElo "2040"]
[Annotator "ChessBase"]
[PlyCount "108"]
[EventDate "2020.07.10"]
[EventType "swiss"]
[EventCountry "SVK"]
[SourceTitle "playchess.com"]
[Source "ChessBase"]
[SourceQuality "1"]
[TimeControl "3600+30"]

1. e4 {[%emt 0:00:00]} e5 {[%emt 0:00:00]} 2. Nc3 {[%emt 0:00:00]} Nf6 {[%emt 0:00:00]} 3. f4 {[%emt 0:00:17]} d5 {[%emt 0:00:55]} 4. fxe5 {[%emt 0:02:52]} Nxe4 {[%emt 0:00:38]} 5. Nf3 {[%emt 0:02:40]} Be7 {[%emt 0:02:54]} 6. d3 {[%emt 0:08:18]} Bh4+ {[%emt 0:04:28]} 7. g3 {[%emt 0:01:52]} Nxc3 {[%emt 0:01:40]} 8. bxc3 {[%emt 0:00:08]} Be7 {[%emt 0:00:06]} 9. Bg2 {[%emt 0:01:10]} Be6 {[%emt 0:02:13]} 10. Nd4 {[%emt 0:00:38]} Qd7 {[%emt 0:03:41]} 11. O-O {[%emt 0:02:10]} Nc6 {[%emt 0:06:03]} 12. Nxe6 {[%emt 0:00:39]} Qxe6 {[%emt 0:00:17]} 13. d4 {[%emt 0:01:41]} Na5 {[%emt 0:02:15]} 14. Qh5 {[%emt 0:04:01]} c6 {[%emt 0:00:51]} 15. Bh3 {[%emt 0:03:32]} Qg6 {[%emt 0:00:08]} 16. Qg4 {[%emt 0:00:59]} Qxg4 {[%emt 0:03:13]} 17. Bxg4 {[%emt 0:00:02]} O-O {[%emt 0:00:17]} 18. Be2 {[%emt 0:01:52]} f6 {[%emt 0:02:21]} 19. exf6 {[%emt 0:03:42]} Rxf6 {[%emt 0:01:42]} 20. Rxf6 {[%emt 0:02:55]} Bxf6 {[%emt 0:00:13]} 21. Ba3 {[%emt 0:03:18]} Re8 {[%emt 0:01:08]} 22. Kf1 {[%emt 0:04:25]} Nc4 {[%emt 0:04:57]} 23. Bxc4 {[%emt 0:00:56]} dxc4 {[%emt 0:00:30]} 24. Re1 {[%emt 0:00:30]} Rxe1+ {[%emt 0:01:26]} 25. Kxe1 {[%emt 0:00:02]} Kf7 {[%emt 0:00:11]} 26. Ke2 {[%emt 0:01:35]} Ke6 {[%emt 0:00:13]} 27. Bc1 {[%emt 0:01:58]} Kd5 {[%emt 0:02:52]} 28. Kf3 {[%emt 0:01:28]} c5 {[%emt 0:01:20]} 29. Bd2 {[%emt 0:08:47]} cxd4 {[%emt 0:00:24]} 30. cxd4 {[%emt 0:00:16]} Bxd4 {[%emt 0:00:16]} 31. Bb4 {[%emt 0:02:19]} b5 {[%emt 0:00:55]} 32. c3 {[%emt 0:02:12]} Be5 {[%emt 0:01:45]} 33. h4 {[%emt 0:00:30]} h5 {[%emt 0:00:14]} 34. Ba5 {[%emt 0:01:37]} g6 {[%emt 0:00:24]} 35. Bb4 {[%emt 0:00:41]} Bc7 {[%emt 0:00:07]} 36. Ba3 {[%emt 0:04:02]} a5 {[%emt 0:02:07]} 37. Bc1 {[%emt 0:01:23]} b4 {[%emt 0:01:36]} 38. cxb4 {[%emt 0:02:45]} axb4 {[%emt 0:00:05]} 39. g4 {[%emt 0:00:24]} Kd4 {[%emt 0:01:27]} 40. gxh5 {[%emt 0:00:26]} gxh5 {[%emt 0:00:08]} 41. Ke2 {[%emt 0:00:09]} Bg3 {[%emt 0:00:17]} 42. Bg5 {[%emt 0:00:42]} Kc3 {[%emt 0:02:47]} 43. Bd2+ {[%emt 0:00:57]} Kb2 {[%emt 0:01:14]} 44. Bxb4 {[%emt 0:00:09]} Kxa2 {[%emt 0:00:31]} 45. Bc3 {[%emt 0:00:24]} Bxh4 {[%emt 0:00:13]} 46. Kf1 {[%emt 0:00:13]} Kb3 {[%emt 0:00:07]} 47. Bd2 {[%emt 0:00:50]} Kc2 {[%emt 0:01:07]} 48. Bf4 {[%emt 0:00:50]} Bf6 {[%emt 0:00:04]} 49. Ke2 {[%emt 0:00:23]} c3 {[%emt 0:00:54]} 50. Kf3 {[%emt 0:00:33]} Kd1 {[%emt 0:00:25]} 51. Kg2 {[%emt 0:00:39]} c2 {[%emt 0:00:04]} 52. Kf1 {[%emt 0:00:08]} Bc3 {[%emt 0:00:11]} 53. Kg2 {[%emt 0:00:35]} Bd2 {[%emt 0:00:07]} 54. Kf1 {[%emt 0:00:52]} Bxf4 {[%emt 0:00:11]} 0-1

[Event "SVK Amateur-ch 2020"]
[Site "Topolcany"]
[Date "2020.07.10"]
[Round "1.16"]
[White "Meers, Hubert"]
[Black "Cernicky, Jan"]
[Result "1-0"]
[WhiteElo "2037"]
[BlackElo "1538"]
[Annotator "ChessBase"]
[PlyCount "37"]
[EventDate "2020.07.10"]
[EventType "swiss"]
[EventCountry "SVK"]
[SourceTitle "playchess.com"]
[Source "ChessBase"]
[SourceQuality "1"]
[TimeControl "3600+30"]

1. e4 {[%emt 0:00:00]} b6 {[%emt 0:00:00]} 2. d4 {[%emt 0:00:00]} Bb7 {[%emt 0:00:08]} 3. Bd3 {[%emt 0:00:00]} e6 {[%emt 0:00:17]} 4. Nd2 {[%emt 0:00:04]} Nf6 {[%emt 0:00:10]} 5. Ngf3 {[%emt 0:00:39]} c5 {[%emt 0:01:02]} 6. c3 {[%emt 0:00:11]} Be7 {[%emt 0:00:47]} 7. O-O {[%emt 0:00:27]} O-O {[%emt 0:00:06]} 8. Qe2 {[%emt 0:00:43]} d6 {[%emt 0:03:24]} 9. Rd1 {[%emt 0:01:41]} a6 {[%emt 0:04:39]} 10. Nf1 {[%emt 0:02:06]} b5 {[%emt 0:01:06]} 11. dxc5 {[%emt 0:00:15]} d5 {[%emt 0:02:06]} 12. Ng3 {[%emt 0:15:28]} Bxc5 {[%emt 0:01:22]} 13. e5 {[%emt 0:00:46]} Nfd7 {[%emt 0:00:59]} 14. Bxh7+ {[%emt 0:00:44]} Kh8 {[%emt 0:05:49]} 15. Bc2 {[%emt 0:01:44]} Be7 {[%emt 0:02:35]} 16. Qd3 {[%emt 0:01:20]} g6 {[%emt 0:00:16]} 17. Qe3 {[%emt 0:00:10]} Nc6 {[%emt 0:03:18]} 18. Qh6+ {[%emt 0:00:12]} Kg8 {[%emt 0:00:04]} 19. Nh5 {[%emt 0:00:09]} 1-0

[Event "SVK Amateur-ch 2020"]
[Site "Topolcany"]
[Date "2020.07.10"]
[Round "1.16"]
[White "Kapec, Kristian"]
[Black "Bielik, Miroslav"]
[Result "0-1"]
[WhiteElo "1803"]
[BlackElo "2133"]
[Annotator "TA"]
[PlyCount "84"]
[EventDate "2020.07.10"]
[EventType "swiss"]
[EventCountry "SVK"]
[SourceTitle "playchess.com"]
[Source "ChessBase"]
[SourceQuality "1"]

{[%evp 9,84,-10,10,0,0,-3,14,18,16,0,0,0,4,-5,8,-2,16,18,20,5,11,-6,-4,-1,0,-4,0,-30,-30,-30,-30,-30,-30,-46,-30,-30,-30,-31,-32,-37,-31,-67,-40,-82,-82,-84,-83,-79,-68,-97,-98,-120,-75,-110,-107,-112,-112,-113,-116,-121,-106,-106,-106,-115,-110,-104,-125,-320,-320,-320,-263,-928,-926,-912,-871,-902,-869]} 1. e4 c6 2. Nc3 d5 3. Nf3 a6 4. exd5 cxd5 5. d4 Bg4 6. Be2 {B11: Caro-Kann: Two Knights Variation.} e6 7. Bf4 Bxf3 8. Bxf3 {The position is equal.} Nc6 {[#]} 9. Qd2 $146 ({Predecessor:} 9. O-O Bd6 10. Bxd6 Qxd6 11. Na4 Nf6 12. c3 O-O 13. Nc5 b6 14. Nd3 Nd7 15. g3 {½-½ (54) Mestrovic,Z (2434)-Palac,M (2573) Pula 2000}) 9... Bb4 10. O-O Nge7 11. Qd3 Rc8 12. Ne2 Bd6 (12... Ng6 {feels hotter.} 13. Bg3 h5 14. h3 Bd6 15. c3 Nce7) 13. c3 O-O 14. Bxd6 Qxd6 15. Ng3 Na5 16. Be2 Nc4 17. Qc2 b5 18. Bxc4 (18. Bd3 {keeps more tension.} g6 19. a3 f6 20. a4 b4 21. Qe2) 18... Rxc4 19. a3 Rfc8 20. Qd2 a5 21. Ne2 Nf5 22. Rfc1 Qc7 23. g3 h6 24. Kg2 Nd6 25. f3 Qb6 26. Rab1 b4 27. axb4 axb4 28. Qd3 Qb5 29. Qe3 R4c6 30. Kf2 Qa4 31. Qd3 Qb3 32. Qc2 Qxc2 33. Rxc2 Ra6 34. Nc1 Nb5 35. Ne2 Ra2 {...Na3! is the strong threat.} 36. Rbc1 {[#]} b3 $1 {[%cal Rb3c2]} 37. Rd2 Nd6 $36 {[%mdl 2048] And now ...Nc4 would win. White is under strong pressure.} 38. Rb1 $2 {Loses the game.} (38. Nf4 $17) 38... Nc4 $19 39. Ke1 Rca8 40. Nc1 $2 {[#]} (40. Nf4) 40... Ra1 {Black is clearly winning.} 41. Rxa1 Rxa1 42. Rd1 Nxb2 {Accuracy: White = 70%, Black = 93%.} 0-1

[Event "SVK Amateur-ch 2020"]
[Site "Topolcany"]
[Date "2020.07.10"]
[Round "1.17"]
[White "Gromovs, Sergejs"]
[Black "Pasztor, Ladislav"]
[Result "1-0"]
[WhiteElo "2131"]
[BlackElo "1799"]
[Annotator "TA"]
[PlyCount "43"]
[EventDate "2020.07.10"]
[EventType "swiss"]
[EventCountry "SVK"]
[SourceTitle "playchess.com"]
[Source "ChessBase"]
[SourceQuality "1"]

{[%evp 12,43,42,30,47,47,45,51,74,49,139,130,133,139,133,131,143,144,145,148,133,0,302,295,363,373,466,476,560,553,696,695,1196,1180]} 1. d4 d5 2. c4 e6 3. Nc3 Nf6 4. Nf3 Be7 5. Bf4 a6 6. e3 O-O 7. Qc2 c5 {D37: Queen's Gambit Declined: 5 Bf4.} 8. dxc5 Bxc5 9. Rd1 Nc6 {White is slightly better.} 10. a3 Qe7 {[#]} (10... Qa5 $14) 11. cxd5 $146 ({Predecessor:} 11. Bg5 dxc4 12. Ne4 b5 13. Bxc4 Bb4+ 14. axb4 Qxb4+ 15. Nfd2 Nxe4 16. Qxe4 Qc5 17. Be2 {1-0 (30) Zabransky,F (1625)-Garcia Cabrera,J (1115) LSS email 2014}) 11... exd5 12. Nxd5 Nxd5 13. Rxd5 Bb4+ 14. axb4 Nxb4 15. Qc5 Nxd5 16. Bd6 $40 {[%mdl 128] White is up to no good.} ({White has to play} 16. Qxd5 $16 {Strongly threatening Qd2.} Rd8 17. Qa5 (17. Qb3 Be6 $17)) 16... Qe6 $2 {[%mdl 8192] [#]} (16... Qe4 $11 {and Black has nothing to worry.} 17. Nd2 (17. Bxf8 Qb1+ 18. Kd2 Qxb2+ 19. Qc2 Qxc2+ 20. Kxc2 Kxf8 $17) 17... Qg6 18. Bxf8 Be6) 17. Bxf8 $18 Bd7 18. Bc4 Rxf8 19. Bxd5 {White is clearly winning.} Qg6 {[#] White must now prevent ...Qb1+.} 20. O-O {And now Ne5 would win.} Rc8 21. Qe7 Qf5 22. e4 {Accuracy: White = 78%, Black = 37%.} 1-0

[Event "SVK Amateur-ch 2020"]
[Site "Topolcany"]
[Date "2020.07.10"]
[Round "1.17"]
[White "Ralik, Oliver"]
[Black "Garban, Mario"]
[Result "0-1"]
[WhiteElo "1529"]
[BlackElo "2031"]
[Annotator "ChessBase"]
[PlyCount "94"]
[EventDate "2020.07.10"]
[EventType "swiss"]
[EventCountry "SVK"]
[SourceTitle "playchess.com"]
[Source "ChessBase"]
[SourceQuality "1"]
[TimeControl "3600+30"]

1. e4 {[%emt 0:00:00]} e5 {[%emt 0:00:00]} 2. Nf3 {[%emt 0:00:01]} Nc6 {[%emt 0:00:12]} 3. Bb5 {[%emt 0:00:09]} a6 {[%emt 0:00:18]} 4. Ba4 {[%emt 0:00:08]} Nf6 {[%emt 0:01:01]} 5. O-O {[%emt 0:00:12]} b5 {[%emt 0:02:00]} 6. Bb3 {[%emt 0:00:08]} Be7 {[%emt 0:01:13]} 7. Re1 {[%emt 0:00:18]} d6 {[%emt 0:02:25]} 8. c3 {[%emt 0:00:16]} O-O {[%emt 0:05:21]} 9. h3 {[%emt 0:00:07]} Na5 {[%emt 0:02:08]} 10. Bc2 {[%emt 0:03:47]} c5 {[%emt 0:01:03]} 11. d4 {[%emt 0:00:07]} cxd4 {[%emt 0:04:04]} 12. cxd4 {[%emt 0:00:16]} Nc6 {[%emt 0:00:29]} 13. d5 {[%emt 0:02:23]} Nb4 {[%emt 0:02:36]} 14. Bb3 {[%emt 0:01:37]} a5 {[%emt 0:00:16]} 15. a3 {[%emt 0:01:34]} Na6 {[%emt 0:00:17]} 16. Bc2 {[%emt 0:00:26]} Nc5 {[%emt 0:03:39]} 17. Nbd2 {[%emt 0:03:59]} Bd7 {[%emt 0:09:20]} 18. Nf1 {[%emt 0:00:43]} b4 {[%emt 0:06:05]} 19. Ng3 {[%emt 0:02:45]} Qb6 {[%emt 0:02:35]} 20. Bg5 {[%emt 0:03:32]} b3 {[%emt 0:01:29]} 21. Bd3 {[%emt 0:02:43]} Nxd3 {[%emt 0:03:11]} 22. Qxd3 {[%emt 0:00:09]} a4 {[%emt 0:01:31]} 23. Qe3 {[%emt 0:01:10]} Qxe3 {[%emt 0:01:03]} 24. Bxe3 {[%emt 0:00:10]} Rfc8 {[%emt 0:01:52]} 25. Red1 {[%emt 0:03:27]} Rc2 {[%emt 0:02:09]} 26. Rd2 {[%emt 0:03:14]} Rac8 {[%emt 0:01:07]} 27. Rxc2 {[%emt 0:00:55]} Rxc2 {[%emt 0:00:07]} 28. Rb1 {[%emt 0:01:33]} Bb5 {[%emt 0:02:05]} 29. Ne1 {[%emt 0:01:15]} Rc8 {[%emt 0:02:20]} 30. Nf5 {[%emt 0:06:10]} Bf8 {[%emt 0:02:21]} 31. Ng3 {[%emt 0:00:30]} g6 {[%emt 0:02:23]} 32. f3 {[%emt 0:02:07]} h5 {[%emt 0:00:55]} 33. Kf2 {[%emt 0:00:38]} Be7 {[%emt 0:02:19]} 34. Ne2 {[%emt 0:00:38]} Bd8 {[%emt 0:01:12]} 35. Nc3 {[%emt 0:01:24]} Bd7 {[%emt 0:00:25]} 36. Nd3 {[%emt 0:01:53]} Ne8 {[%emt 0:01:27]} 37. g3 {[%emt 0:01:05]} Ba5 {[%emt 0:00:53]} 38. Nb4 {[%emt 0:04:31]} Bxb4 {[%emt 0:00:25]} 39. axb4 {[%emt 0:00:26]} Rb8 {[%emt 0:00:06]} 40. b5 {[%emt 0:05:15]} Bxb5 {[%emt 0:00:18]} 41. Nxb5 {[%emt 0:00:30]} Rxb5 {[%emt 0:00:13]} 42. Rc1 {[%emt 0:03:32]} Rb7 {[%emt 0:00:33]} 43. Bd2 {[%emt 0:02:05]} Nc7 {[%emt 0:01:51]} 44. f4 {[%emt 0:03:47]} f6 {[%emt 0:00:47]} 45. Ke2 {[%emt 0:01:27]} Nb5 {[%emt 0:00:49]} 46. Kd1 {[%emt 0:02:30]} a3 {[%emt 0:00:44]} 47. Bb4 {[%emt 0:02:35]} a2 {[%emt 0:00:43]} 0-1

[Event "SVK Amateur-ch 2020"]
[Site "Topolcany"]
[Date "2020.07.10"]
[Round "1.18"]
[White "Bochnickova, Simona"]
[Black "Strachan, Jan"]
[Result "0-1"]
[WhiteElo "1797"]
[BlackElo "2130"]
[Annotator "TA"]
[PlyCount "131"]
[EventDate "2020.07.10"]
[EventType "swiss"]
[EventCountry "SVK"]
[SourceTitle "playchess.com"]
[Source "ChessBase"]
[SourceQuality "1"]

{[%evp 11,131,35,42,18,35,24,21,0,12,-10,33,8,20,-45,0,0,0,0,25,15,21,16,41,37,65,43,48,54,69,70,71,6,77,77,97,4,10,0,0,-27,0,0,0,0,0,0,0,0,29,0,0,0,11,0,234,0,0,0,0,0,0,0,0,0,0,-11,-13,-14,-15,-18,-14,-16,-9,-29,0,0,0,0,0,0,0,0,0,0,0,0,0,0,0,0,0,-8,0,0,0,0,0,-11,0,0,0,0,0,0,0,0,0,0,0,0,0,0,0,0,0,0,0,0,0,-12845,-12846,-29989]} 1. e4 d6 2. d4 Nf6 3. Nc3 g6 4. Nf3 Bg7 5. Be2 O-O 6. O-O c6 {6...a6 is the hot move. Played by Peter Svidler in May 2020.} 7. e5 {B08: Pirc Defence: Classical System.} Nd5 8. Nxd5 cxd5 9. Bf4 {The position is equal.} dxe5 $1 10. Nxe5 Nd7 {[#]} 11. Ng4 $146 ({Predecessor:} 11. c3 Nxe5 12. Bxe5 Bf5 13. Bxg7 Kxg7 14. Re1 Qd7 15. Bf3 f6 16. g4 Be6 17. Qe2 {0-1 (32) Hlavac,R (2140)-Kansky,P (2135) Czechia 2005}) 11... Qb6 12. Bh6 (12. Rb1 $11) 12... Nf6 (12... Bxh6 {with more complications.} 13. Nxh6+ Kg7 14. Qd2 Qxb2 15. Rfb1 Qa3) 13. Bxg7 Kxg7 14. Nxf6 Qxf6 (14... exf6 {looks sharper.} 15. b3 Bf5 16. Qd2 Rfe8 17. Bf3 Rac8) 15. Bf3 Rd8 16. c3 Be6 17. Re1 Rac8 18. Qb3 Rc7 19. Re5 Rcd7 20. Rae1 {[%cal Ba1e1,Be1e3,Be3f3][%mdl 32]} h5 21. Qd1 (21. R1e3 $16) 21... Rh8 (21... Bf5 $11 {keeps the balance.}) 22. R1e3 $16 a6 23. Be2 ({Better is} 23. Qe1 $16) 23... Bf5 $11 24. Rf3 Qd6 25. h4 Be4 26. Rg3 {[%cal Re5h5]} Kf8 27. Bf3 Bxf3 $1 28. Qxf3 Kg7 29. Qe2 Kf8 30. Qf3 Kg7 31. Qe2 Rh7 32. f4 {Black must now prevent f5.} Qf6 $2 {[#]} (32... e6 $11) 33. Rxh5 $2 (33. f5 $1 $18 {[%cal Rf5g6]} Qxh4 34. fxg6 Qxg3 35. gxh7) 33... Rxh5 34. Qxh5 {And now f5 would win.} Qxf4 35. Qg5 Qxg5 36. Rxg5 {[%mdl 4096] Endgame KR-KR} e6 37. Kf2 Rd6 38. Ke3 Rb6 39. b3 Rc6 40. Kd3 b5 41. Re5 Rc8 42. g3 Kf6 43. Re1 Ke7 44. Rf1 f6 45. Re1 Kd6 46. Rf1 Ke7 47. Re1 a5 48. a3 Kd6 49. Rf1 Ke7 50. Re1 Rb8 51. Rf1 e5 52. dxe5 fxe5 53. Re1 Ke6 54. Rf1 Rc8 55. g4 Rh8 56. Rh1 Rh7 57. Rh3 Rh6 58. Rh1 Rh8 59. Rh3 Ke7 60. Rh1 Ke6 61. Rh3 a4 62. bxa4 bxa4 63. h5 Kf6 {Hoping for ...Kg5.} 64. Rf3+ Kg5 {Strongly threatening ...e4+.} (64... Ke6 $5 65. Rh3 $8 Kf6 $11) 65. hxg6 $2 {[%mdl 8192]} (65. Ke3 $11) 65... e4+ $19 {[%mdl 64] [#] Double Attack} 66. Kd4 {Accuracy: White = 79%, Black = 82%.} 0-1

[Event "SVK Amateur-ch 2020"]
[Site "Topolcany"]
[Date "2020.07.10"]
[Round "1.19"]
[White "Kalisky, Vladimir"]
[Black "Szocs, Ladislav"]
[Result "1-0"]
[WhiteElo "2128"]
[BlackElo "1791"]
[Annotator "TA"]
[PlyCount "51"]
[EventDate "2020.07.10"]
[EventType "swiss"]
[EventCountry "SVK"]
[SourceTitle "playchess.com"]
[Source "ChessBase"]
[SourceQuality "1"]

{[%evp 9,51,25,37,20,39,29,39,38,36,20,23,21,30,6,12,17,4,0,29,21,41,28,80,84,143,77,131,116,357,154,350,343,418,415,522,489,617,602,572,544,1054,1012,2294,2238]} 1. e4 d5 2. exd5 Nf6 3. d4 Nxd5 4. h3 Bf5 5. a3 e6 6. c4 {B01: Scandinavian Defence.} Nb6 7. Be3 Be7 8. Nc3 {White is slightly better.} O-O 9. Nf3 Nc6 10. Be2 Bf6 11. O-O {[#]} Na5 $146 ({Predecessor:} 11... Qd7 12. b4 Rad8 13. Qb3 Nxd4 14. Bxd4 Bxd4 15. Rad1 e5 16. Nb5 Qe7 17. c5 Nd5 18. Nbxd4 exd4 19. Nxd4 {1-0 (41) Dvoirys,S (2552)-Tilicheev,V (2497) Pardubice 2017}) 12. c5 {Strongly threatening g4.} Nd5 13. Nxd5 exd5 14. Re1 b6 15. Qa4 Bd7 (15... Re8 $11) 16. Qc2 $16 Qe8 (16... Re8 $142) 17. a4 ({White should play} 17. Bd3) 17... bxc5 ({Better is} 17... Qd8) 18. Bd3 {Threatens to win with Bd2.} ({Reject} 18. dxc5 $6 Qb8 $14) 18... c4 $2 (18... Qc8 $16) 19. Bxh7+ $18 Kh8 {Loses the game.} 20. Bd2 $1 {[%csl LRa5,LRe8][%mdl 64] [#] Discovered Attack} Qc8 21. Bxa5 Bxh3 22. gxh3 {White is clearly winning.} Qxh3 {intending ...Qg4+.} 23. Bf5 Qxf3 24. Re3 Qf4 {[#]} 25. Bxc7 $1 {[%mdl 512]} Qxd4 (25... Qxc7 26. Rh3+) 26. Rh3+ {Accuracy: White = 92%, Black = 48%.} 1-0

[Event "SVK Amateur-ch 2020"]
[Site "Topolcany"]
[Date "2020.07.10"]
[Round "1.20"]
[White "Skreko, Igor"]
[Black "Wisniewski, Michal"]
[Result "0-1"]
[WhiteElo "1787"]
[BlackElo "2127"]
[Annotator "TA"]
[PlyCount "66"]
[EventDate "2020.07.10"]
[EventType "swiss"]
[EventCountry "SVK"]
[SourceTitle "playchess.com"]
[Source "ChessBase"]
[SourceQuality "1"]

{[%evp 20,66,59,6,115,39,48,8,10,7,12,3,40,0,22,9,97,0,0,0,-1,-44,-52,-134,-145,-132,-128,-129,-139,-130,-115,-639,-639,-642,-641,-642,-641,-641,-638,-616,-616,-1007,-985,-1299,-1276,-29986,-29987,-29986,-29987]} 1. d4 Nf6 2. c4 c5 3. d5 b5 4. cxb5 a6 5. bxa6 g6 6. Nc3 Bg7 7. g3 O-O 8. Bg2 d6 9. Nf3 Nxa6 10. O-O Bf5 11. Nd2 (11. Ne1 $14) 11... Qd7 {E60: King's Indian: Unusual lines and Fianchetto Variation without Nc3.} (11... Nb4 $11 {remains equal.}) 12. Re1 {[#]} (12. e4 $16 Bh3 13. Nc4) 12... Bh3 $146 ({Predecessor:} 12... Nb4 13. e4 Bh3 14. Rb1 Bxg2 15. Kxg2 Qg4 16. f3 Qd7 17. a3 Na6 18. Nc4 Rfb8 19. b3 {1-0 (29) Rodriguez Velasco,G (2144)-Vanegas,R (1834) Bogota 2018}) 13. Bh1 Rfb8 {The position is equal.} 14. Nc4 Ng4 15. Bd2 Qb7 16. b3 Nc7 17. Qc2 Nb5 (17... Na6 $11) 18. e3 (18. Nxb5 $1 $16 Bxa1 19. Nbxd6) 18... Na3 $11 19. Nxa3 Rxa3 20. f4 Qa6 21. Rab1 (21. Bf3 $15) 21... Bxc3 $1 $17 22. Qxc3 Rxa2 23. Bf3 Qb5 24. e4 {[#]} c4 $1 {[%mdl 512] Strongly threatening ...Rxd2!} 25. b4 $2 {[%mdl 8192] [#] White does not recover from this.} (25. Bxg4 $17 Bxg4 26. b4) (25. bxc4 Qxb1) 25... Rxd2 $1 $19 {[%mdl 512]} 26. Qxd2 {Threatens to win with Qd4.} Qb6+ 27. Kh1 {[#] Black must now prevent Bxg4.} c3 $1 {[%mdl 512]} 28. Qe2 (28. Qxc3 Bg2+) 28... Nf2+ 29. Kg1 {[#]} Nd3+ $1 30. Kh1 Nxe1 31. Qxe1 c2 32. Rb3 {[#]} Qxb4 $3 {[%mdl 576] Promotion} 33. Rxb4 Rxb4 {Accuracy: White = 36%, Black = 76%.} 0-1